02161nam a2200481 a 4500001001200000003000800012006001900020007001500039008004100054010001700095020001500112020001800127020002700145040002100172035002100193043001200214050002400226082001600250100002900266245018200295260003600477300001100513490009700524504005100621533015200672600005900824600006100883600006000944600005601004650006101060650006101121650005701182650004901239650002801288650002801316650002801344650002801372655002901400710001701429830008801446856012601534999001901660ebr10670761CaPaEBRm u cr cn|||||||||880411s1989 nyu sb 001 0deng d z 88014177  z0820408174 z9780820408170 z9781453910566 (e-book) aCaPaEBRcCaPaEBR a(OCoLC)847625074 ae-uk-en14aPR3062b.B46 1989eb04a822.3/32191 aBentley, Greg W.,d1949-10aShakespeare and the new diseaseh[electronic resource] :bthe dramatic function of syphilis in Troilus and Cressida, Measure for measure, and Timon of Athens /cGreg W. Bentley. aNew York :bPeter Lang,cc1989. a242 p.1 aAmerican university studies. Series IV, English language and literature,x0741-0700 ;vv. 85 aIncludes bibliographical references and index. aElectronic reproduction.bPalo Alto, Calif. :cebrary,d2013.nAvailable via World Wide Web.nAccess may be limited to ebrary affiliated libraries.10aShakespeare, William,d1564-1616xKnowledgexMedicine.10aShakespeare, William,d1564-1616.tTroilus and Cressida.10aShakespeare, William,d1564-1616.tMeasure for measure.10aShakespeare, William,d1564-1616.tTimon of Athens. 0aLiterature and medicinezEnglandxHistoryy16th century. 0aLiterature and medicinezEnglandxHistoryy17th century. 0aTimon of Athens (Legendary character) in literature. 0aTroilus (Legendary character) in literature. 0aSyphilis in literature. 0aMedicine in literature. 0aDiseases in literature. 0aChastity in literature. 7aElectronic books.2local2 aebrary, Inc. 0aAmerican university studies.nSeries IV,pEnglish language and literature ;vv. 85.40uhttp://site.ebrary.com/lib/rucke/Doc?id=10670761zAn electronic book accessible through the World Wide Web; click to view c175640d175640